[Event "Porto Sant Elpidio op 17th"]
[Site "Porto Sant Elpidio"]
[Date "2014.11.29"]
[Round "4"]
[White "Ricci, Alessio"]
[Black "Renzetti, Leonardo"]
[Result "1-0"]
[WhiteElo "1893"]
[BlackElo "2024"]
[PlyCount "47"]
[EventDate "2014.11.22"]
[EventType "swiss"]
[EventRounds "6"]
[EventCountry "ITA"]
[SourceTitle "EXT 2017"]
[Source "ChessBase"]
[SourceDate "2016.10.25"]
[SourceVersion "1"]
[SourceVersionDate "2016.10.25"]
[SourceQuality "1"]

1. d4 Nf6 2. c4 c5 3. d5 e6 4. Nc3 exd5 5. cxd5 d6 6. Nf3 g6 7. e3 Bg7 8. Bd3 0-0 9. h3 a6 10. a4 Re8 11. 0-0 Nbd7 12. Re1 Qc7 13. e4 Rb8 14. Bf4 c4 15. Bf1 b5 16. axb5 axb5 17. Nd4 Qb6 18. Ndxb5 Nxe4 19. Rxe4 Rxe4 20. Nxe4 Qxb5 21. Nxd6 Qxb2 22. Rc1 Be5 23. Nxc4 Qd4 24. Bxe5 1-0

[Event "ITA-ch C"]
[Site "Civitanova Marche"]
[Date "2012.07.22"]
[Round "8"]
[White "Cocconcelli, Lorenzo"]
[Black "Ricci, Alessio"]
[Result "1-0"]
[WhiteElo "1994"]
[BlackElo "1918"]
[PlyCount "89"]
[EventDate "2012.07.15"]
[EventType "swiss"]
[EventRounds "8"]
[EventCountry "ITA"]
[SourceTitle "EXT 2023"]
[Source "ChessBase"]
[SourceDate "2022.10.05"]
[SourceVersion "1"]
[SourceVersionDate "2022.10.05"]
[SourceQuality "1"]

1. d4 d5 2. c4 Nc6 3. Nc3 Nf6 4. Nf3 Bf5 5. e3 e6 6. Bd3 Bg6 7. 0-0 Bd6 8. c5 Be7 9. a3 Bxd3 10. Qxd3 a6 11. b4 0-0 12. Bd2 Nd7 13. Rfc1 f5 14. Rab1 b5 15. cxb6 Nxb6 16. Ne2 Nc4 17. Be1 Bd6 18. Nd2 Nxd2 19. Qxd2 Nb8 20. f3 Nd7 21. Bg3 Bxg3 22. hxg3 Nb6 23. Nf4 Rf6 24. Rb3 Nc4 25. Qe2 Qd6 26. Kf2 Raf8 27. Nd3 Rg6 28. f4 Rg4 29. Ne5 Nxe5 30. dxe5 Qb6 31. Rc5 Ra8 32. Qc2 g5 33. Rc6 Qb5 34. Rxc7 gxf4 35. gxf4 Qe8 36. Qc6 Qxc6 37. Rxc6 Rg6 38. a4 Kf7 39. Rc7+ Kg8 40. Rbc3 h5 41. Rc8+ Rxc8 42. Rxc8+ Kf7 43. b5 axb5 44. axb5 Ke7 45. b6 1-0

[Event "ITA-ch C"]
[Site "Civitanova Marche"]
[Date "2012.07.18"]
[Round "4"]
[White "Spano Cuomo, Gaetano"]
[Black "Ricci, Alessio"]
[Result "0-1"]
[WhiteElo "1781"]
[BlackElo "1918"]
[PlyCount "120"]
[EventDate "2012.07.15"]
[EventType "swiss"]
[EventRounds "8"]
[EventCountry "ITA"]
[SourceTitle "EXT 2023"]
[Source "ChessBase"]
[SourceDate "2022.10.05"]
[SourceVersion "1"]
[SourceVersionDate "2022.10.05"]
[SourceQuality "1"]

1. d4 e6 2. c4 Nf6 3. Nc3 Bb4 4. Nf3 Ne4 5. Qc2 f5 6. e3 b6 7. a3 Bxc3+ 8. bxc3 0-0 9. Nd2 Bb7 10. Nxe4 Bxe4 11. Qe2 Qh4 12. g3 Qg4 13. Rg1 Bf3 14. Qd3 d6 15. Be2 Nc6 16. Bxf3 Qxf3 17. d5 Ne5 18. Qd1 Qg4 19. Qxg4 fxg4 20. Rh1 Nxc4 21. dxe6 Rae8 22. Ra2 Rxe6 23. Re2 Re4 24. Kd1 Rf5 25. Kc2 Rh5 26. Ree1 Ne5 27. Rd1 Nf3 28. Kd3 d5 29. Ke2 c6 30. h3 Ne5 31. hxg4 Rxh1 32. Rxh1 Rxg4 33. f4 Nc4 34. Kf3 Rg6 35. Re1 Re6 36. e4 Kf7 37. e5 g5 38. Rh1 Kg6 39. Rh2 h5 40. a4 g4+ 41. Ke2 b5 42. Kd3 a6 43. Kd4 Nb6 44. axb5 axb5 45. f5+ Kxf5 46. Rxh5+ Kg6 47. Rg5+ Kf7 48. Rxg4 Nd7 49. Bf4 Re8 50. Rh4 Nf8 51. Kc5 Re6 52. Rh6 Nd7+ 53. Kd4 Rxh6 54. Bxh6 Ke6 55. Bg7 c5+ 56. Ke3 Nxe5 57. Bf8 Nd7 58. Bh6 Kf5 59. Kf3 Ne5+ 60. Kg2 b4 0-1

[Event "Salerno op"]
[Site "Salerno "]
[Date "2012.01.27"]
[Round "1"]
[White "Ricci, Alessio"]
[Black "Pescatore, Lorenzo"]
[Result "0-1"]
[WhiteElo "1865"]
[BlackElo "2174"]
[PlyCount "94"]
[EventDate "2012.01.27"]
[EventType "swiss"]
[EventRounds "6"]
[EventCountry "ITA"]
[SourceTitle "EXT 2014"]
[Source "ChessBase"]
[SourceDate "2013.11.20"]
[SourceVersion "1"]
[SourceVersionDate "2013.11.20"]
[SourceQuality "1"]

1. d4 Nf6 2. Nf3 e6 3. e3 c5 4. Bd3 b6 5. Qe2 cxd4 6. exd4 Bb7 7. Nbd2 Be7 8. 0-0 0-0 9. c4 d5 10. b3 dxc4 11. bxc4 Qc7 12. Ne5 Nc6 13. Ndf3 Nxe5 14. Nxe5 Rad8 15. Bb2 Qb8 16. a3 g6 17. Rfe1 Rfe8 18. Qe3 Bf8 19. h4 Bg7 20. Qf4 Rf8 21. Qe3 Qd6 22. Rad1 Nd7 23. f4 Bh6 24. Qg3 Nf6 25. Qf2 Nh5 26. g3 f5 27. Be2 Nf6 28. Bf3 Ne4 29. Bxe4 Bxe4 30. Qe2 Bg7 31. Nf3 h6 32. Ne5 Bxe5 33. dxe5 Qc5+ 34. Kh2 h5 35. Rf1 Qc7 36. a4 Qc6 37. Ba3 Rfe8 38. Rxd8 Rxd8 39. Rd1 Rd7 40. Rd6 Qxa4 41. Qd2 Rxd6 42. exd6 Bc6 43. Qe2 Kf7 44. Bb2 Qb3 45. Qd2 Qf3 46. Kh3 Qh1+ 47. Qh2 Bg2# 0-1

[Event "Porto Sant Elpidio op 14th"]
[Site "Porto Sant Elpidio"]
[Date "2011.11.27"]
[Round "6"]
[White "Giobbi, Costantino"]
[Black "Ricci, Alessio"]
[Result "0-1"]
[WhiteElo "1882"]
[BlackElo "1865"]
[PlyCount "94"]
[EventDate "2011.11.19"]
[EventType "swiss"]
[EventRounds "6"]
[EventCountry "ITA"]
[SourceTitle "EXT 2023"]
[Source "ChessBase"]
[SourceDate "2022.10.05"]
[SourceVersion "1"]
[SourceVersionDate "2022.10.05"]
[SourceQuality "1"]

1. b3 Nf6 2. Bb2 e6 3. e3 d5 4. Nf3 Bd6 5. d4 c5 6. Bd3 Nc6 7. 0-0 0-0 8. Nbd2 b6 9. a3 Qc7 10. c4 cxd4 11. exd4 Bb7 12. Rc1 Qe7 13. b4 dxc4 14. Nxc4 Bf4 15. Ncd2 Rfd8 16. g3 Bh6 17. Rc2 Qd7 18. Bb5 Qd5 19. Bc4 Qf5 20. Re1 Rd7 21. Nh4 Qg5 22. Nb3 Nd5 23. Bc1 Qf6 24. Bb5 Rc7 25. Bxh6 Qxh6 26. Qc1 Qxc1 27. Rexc1 Rac8 28. Nf3 Nce7 29. Rxc7 Rxc7 30. Nfd2 Nc3 31. Bf1 Ned5 32. Bd3 Kf8 33. Kf1 Ke7 34. Ke1 f5 35. Bc4 Kd6 36. Bd3 g5 37. Nb1 Nxb1 38. Rxc7 Nxc7 39. Bxb1 Nb5 40. g4 Nxa3 41. Bd3 Be4 42. Bxe4 fxe4 43. Kd2 Kd5 44. Kc3 Nb5+ 45. Kd2 Nxd4 46. Nc1 Nf3+ 47. Ke3 Nxh2 0-1

[Event "Porto Sant Elpidio op 14th"]
[Site "Porto Sant Elpidio"]
[Date "2011.11.20"]
[Round "2"]
[White "Briffault, Philippe"]
[Black "Ricci, Alessio"]
[Result "0-1"]
[WhiteElo "1962"]
[BlackElo "1865"]
[PlyCount "74"]
[EventDate "2011.11.19"]
[EventType "swiss"]
[EventRounds "6"]
[EventCountry "ITA"]
[SourceTitle "EXT 2023"]
[Source "ChessBase"]
[SourceDate "2022.10.05"]
[SourceVersion "1"]
[SourceVersionDate "2022.10.05"]
[SourceQuality "1"]

1. d4 Nf6 2. c4 e6 3. Nc3 Bb4 4. Nf3 Ne4 5. Qc2 f5 6. e3 b6 7. Bd3 Bb7 8. 0-0 Bxc3 9. bxc3 d6 10. Nd2 Nxd2 11. Bxd2 0-0 12. f3 Nd7 13. e4 fxe4 14. fxe4 Rxf1+ 15. Rxf1 e5 16. Be3 Qh4 17. c5 Nf6 18. Bf2 Qg4 19. h3 Qg6 20. Bh4 Nxe4 21. Qb3+ d5 22. dxe5 Re8 23. cxb6 axb6 24. Qa3 Qh5 25. Bxe4 Qxh4 26. Qa4 Qe7 27. Bb1 Qxe5 28. Qh4 h6 29. Qg4 Qe6 30. Qb4 c5 31. Qh4 Qe3+ 32. Kh1 Ba6 33. Rd1 Qe2 34. Rg1 Bd3 35. Bxd3 Qxd3 36. Qa4 Re3 37. Qc6 Rxh3+ 0-1